| 000 | 00607nam a2200181 a 4500 | ||
|---|---|---|---|
| 001 | 000025671 | ||
| 005 | 20200930023948.0 | ||
| 008 | 110221s1978 dr 000 0 spa d | ||
| 040 |
_aDO-SdBNP _bspa _cBNPHU |
||
| 082 |
_axxx _bF673a |
||
| 100 | 1 |
_aFondo Para el Avance de las Ciencias Sociales _952426 |
|
| 245 | 1 | 3 |
_aLa antropología en la República Dominicana : _buna evaluación. |
| 260 |
_aSanto Domingo : _bFondo para el Avance de las Ciencias Sociales, _c1978. |
||
| 300 |
_a74 p. ; _c22 cm. |
||
| 500 | _aIncluye notas al pie de las páginas | ||
| 504 | _aBibliografía : p. 73-74 | ||
| 049 | _aBNPD | ||
| 999 |
_c25163 _d25163 |
||